| 000 | 00326nam a22001217a 4500 | ||
|---|---|---|---|
| 020 | _a9788172337674 | ||
| 082 |
_a635 _bRAY/PL |
||
| 100 |
_aRay,P.K _9945 |
||
| 245 | _aPlant Nursery Management: How to start and Operate a Plant Nursery | ||
| 260 |
_aNew Delhi _bScientific Publishers(India) _c2012 |
||
| 300 | _a407 | ||
| 942 | _cBK | ||
| 999 |
_c14543 _d14543 |
||